| 000 | 00544naa a2200193 i 4500 | ||
|---|---|---|---|
| 001 | 49007 | ||
| 003 | ES-MaBCM | ||
| 005 | 20241016105132.0 | ||
| 008 | 971022s1997 esp 000 0 spa d | ||
| 021 | _axx | ||
| 035 | _a(OCoLC)1365128300 | ||
| 040 | _cES-MaBCM | ||
| 041 | 0 | _aspa | |
| 043 | _aesp | ||
| 245 | 0 | 0 |
_aMedio ambiente _b: un futuro de incertidumbres |
| 650 | 2 | 7 |
_aProtección del medio ambiente _959954 |
| 773 | 0 |
_aEn: _tRevista de occidente _dMadrid : 1997 _w104553 _gn. 194-195, jul.- ag., p. 5-189. - Loc. S.47 |
|
| 942 | _cAREV | ||
| 999 |
_c49007 _d49007 |
||